000 00354nam a2200145Ia 4500
008 150201s1985 xx 000 0 und d
082 _a611
_bO85S
100 _aSHILLINGFORD,CHRISTINO
245 _aOSTEOLOGY FOR RADIOGRAPHERS
250 _a1ST
260 _bJAYPEE BROTHERS
_aDELHI
_c1985
300 _a1-133
650 _aHUMAN ANATOMY
942 _2ddc
_cBK
999 _c532
_d532